Ethics in business

محفوظ في:
التفاصيل البيبلوغرافية
المؤلف الرئيسي: Garrett, Thomas M.
التنسيق: كتاب
اللغة:Undetermined
منشور في: New York Sheed and Ward 1963
الموضوعات:
الوسوم: إضافة وسم
لا توجد وسوم, كن أول من يضع وسما على هذه التسجيلة!
Thư viện lưu trữ: Trung tâm Học liệu Trường Đại học Cần Thơ
LEADER 00464nam a2200181Ia 4500
001 CTU_99047
008 210402s9999 xx 000 0 und d
082 |a 650.69 
082 |b G239 
100 |a Garrett, Thomas M. 
245 0 |a Ethics in business 
245 0 |c Thomas M. Garrett 
260 |a New York 
260 |b Sheed and Ward 
260 |c 1963 
650 |a Business ethics 
904 |i M.Loan 
980 |a Trung tâm Học liệu Trường Đại học Cần Thơ